Idea exchange finds favour (Record no. 78304)

MARC details
000 -LEADER
fixed length control field 00754cab a2200193 4500
001 - CONTROL NUMBER
control field L136463
008 - FIXED-LENGTH DATA ELEMENTS--GENERAL INFORMATION
fixed length control field 070201n2007 000 0 eng u
035 ## - SYSTEM CONTROL NUMBER
System control number (Sirsi) u136463
041 0# - LANGUAGE CODE
Language code of text/sound track or separate title eng
100 1# - MAIN ENTRY--PERSONAL NAME
Personal name Hambleton, Robin
245 00 - TITLE STATEMENT
Title Idea exchange finds favour
260 ## - PUBLICATION, DISTRIBUTION, ETC.
Date of publication, distribution, etc. 2007
490 00 - SERIES STATEMENT
Series statement Planning (for the Natural and Built Environment)
Volume/sequential designation (1703) 26 January 2007, 15-16(2)
520 ## - SUMMARY, ETC.
Summary, etc. Looks at future practice in UK planning, arguing that dialogue with experts in other countries is going to be important. Highlights examples of UK cities that have drawn on an American model for successfully regenerating waterside destinations.
590 ## - LOCAL NOTE (RLIN)
Local note KA
651 #4 - SUBJECT ADDED ENTRY--GEOGRAPHIC NAME
Geographic name United Kingdom
Chronological subdivision
690 ## - LOCAL SUBJECT ADDED ENTRY--TOPICAL TERM (OCLC, RLIN)
Topical term or geographic name as entry element Planning and development
9 (RLIN) 6259
942 ## - ADDED ENTRY ELEMENTS (KOHA)
Suppress in OPAC 0

No items available.